000 00996cac a22003015a 4500
008 150817t1999 n a|||| |||| 001 0 eng d
010 _a 98033920
020 _a047129988X
020 _a9780471299882
040 _aEG-ScBUE
_beng
_cEG-ScBUE
082 0 4 _a368
_bVAU
_222
100 1 _aVaughan, Emmett J.
245 1 0 _aFundamentals of risk and insurance /
_cEmmett J. Vaughan, Therese M. Vaughan.
250 _a8th ed.
260 _aNew York :
_bJohn Wiley & Sons, Inc.,
_cc.1999.
300 _axvi, 704 p. :
_bill. ;
_c26 cm.
500 _aIndexes : p. 689-704.
500 _aGlossary : p. 671-688.
504 _aIncludes bibliographical references,
590 _aDoha Reviewed by: Wessam
650 0 _aInsurance.
_2BUEsh
650 0 _aRisk (Insurance)
_2BUEsh
_912221
651 _2BUEsh
653 _cAugust2015
700 1 _aVaughan, Therese M.
856 4 _3Table of Contents only
_uhttp://www.loc.gov/catdir/toc/onix02/98033920.html
942 _cBB
_k368 VAU
_2ddc
999 _c8989
_d3915